000 00976cam a2200325 a 4500
999 _c25400
_d25400
001 11918269
003 BDDh-ASL
005 20231015030502.0
008 991207s1999 ii d 000 0 eng
010 _a 99946529
020 _z8120413462
025 _aI-E-99-946529; 506-92
035 _a(DLC) 99946529
037 _bLibrary of Congress -- New Delhi Field Office
_cRs250.00
040 _aDLC
_cDLC
_dBDDh-ASL
041 1 _aengsan
_hsan
042 _alcode
043 _aa-ii---
050 0 0 _aBL1105
_b.R46 1999
082 _a294
_bREG
100 1 _aRengarajan, T.,
_d1962-
245 1 0 _aGlossary of Hinduism /
_cT. Rengarajan.
260 _aNew Delhi :
_bOxford & IBH Pub. Co.,
_cc1999.
300 _a622 p. :
_c22 cm.
650 0 _aHinduism
_vDictionaries
_xEnglish.
650 0 _aSanskrit language
_vDictionaries
_xEnglish.
906 _a7
_bcbc
_corigode
_d3
_encip
_f19
_gy-gencatlg
942 _2ddc
_cBK